[Event "44th Chess Olympiad Open 2022"]
[Site "Chennai"]
[Date "2022.07.30"]
[Round "2.54"]
[White "Kulpruethanon, Thanadon"]
[Black "Van den Brink, Peter"]
[Result "1-0"]
[WhiteElo "2294"]
[BlackElo "2167"]
[Annotator "TA"]
[PlyCount "83"]
[EventDate "2022.07.29"]
[EventType "team-tourn"]
[EventCountry "IND"]
[SourceTitle "playchess.com"]
[Source "ChessBase"]
[SourceQuality "1"]
[WhiteTeam "Thailand"]
[BlackTeam "ARU"]
[WhiteTeamCountry "THA"]

1. d4 d5 2. c4 e6 3. Nf3 Be7 4. g3 Nf6 5. Bg2 O-O 6. O-O dxc4 7. Qc2 b5 8. a4
b4 9. Nfd2 c6 10. Nxc4 Qxd4 11. Rd1 Qc5 12. Be3 Qh5 13. Nbd2 Ng4 14. Nf3 Ba6
15. h3 Nxe3 16. Nxe3 Rc8 17. Rd2 c5 18. g4 Qh6 19. Ne5 Bf6 20. Bxa8 Bxe5 21.
Qxc5 Qg5 22. Qxb4 h5 23. Qe4 hxg4 24. hxg4 Rc5 25. Rad1 f5 26. Nxf5 exf5 27.
Bd5+ Kh7 28. Qxe5 Qxg4+ 29. Qg3 Bxe2 30. Qxg4 Bxg4 31. b4 Rc7 32. f3 Bh5 33. b5
g5 34. Ba8 g4 35. Rd8 gxf3 36. Kf2 Kg6 37. R1d2 Rc4 38. Rxb8 Rxa4 39. Bxf3 Rf4
40. Rd3 Bg4 41. Kg3 Rb4 42. Bxg4 1-0

[Event "44th Chess Olympiad Open 2022"]
[Site "Chennai"]
[Date "2022.07.30"]
[Round "2.56"]
[White "Michaelides, Konstantinos"]
[Black "Amega-Dzaka, Komi Nukunu"]
[Result "1-0"]
[WhiteElo "2300"]
[BlackElo "1639"]
[Annotator "TA"]
[PlyCount "47"]
[EventDate "2022.07.29"]
[EventType "team-tourn"]
[EventCountry "IND"]
[SourceTitle "playchess.com"]
[Source "ChessBase"]
[SourceQuality "1"]
[WhiteTeam "Cyprus"]
[BlackTeam "Togo"]
[WhiteTeamCountry "CYP"]
[BlackTeamCountry "TOG"]

1. d4 d5 2. c4 c6 3. cxd5 cxd5 4. Bf4 Nf6 5. Nc3 Qb6 6. Qd2 Nc6 7. e3 Bf5 8. f3
e6 9. Rc1 Be7 10. Nge2 O-O 11. g4 Bg6 12. h4 h5 13. g5 Ne8 14. Bg3 Bd6 15. Bxd6
Nxd6 16. Nf4 Nf5 17. Bd3 Rad8 18. Bxf5 Bxf5 19. Nxh5 e5 20. Ne2 exd4 21. Nxd4
Nxd4 22. Qxd4 Qa5+ 23. b4 Qxa2 24. Qxg7# 1-0

[Event "44th Chess Olympiad Open 2022"]
[Site "Chennai"]
[Date "2022.07.30"]
[Round "2.58"]
[White "Rakotomaharo, Fy Antenaina"]
[Black "Bah, Ebrima"]
[Result "1-0"]
[WhiteElo "2490"]
[BlackElo "2078"]
[Annotator "TA"]
[PlyCount "87"]
[EventDate "2022.07.29"]
[EventType "team-tourn"]
[EventCountry "IND"]
[SourceTitle "playchess.com"]
[Source "ChessBase"]
[SourceQuality "1"]
[WhiteTeam "Madagascar"]
[BlackTeam "Gambia"]
[WhiteTeamCountry "MAD"]
[BlackTeamCountry "GAM"]

1. e4 e6 2. d4 d5 3. e5 c5 4. c3 Qb6 5. Nf3 Nc6 6. Be2 cxd4 7. cxd4 Nge7 8. Na3
Nf5 9. Nc2 Bb4+ 10. Kf1 O-O 11. g4 Nfe7 12. a3 Ba5 13. b4 Nxb4 14. axb4 Bxb4
15. Nxb4 Ng6 16. Nd3 f6 17. h4 fxe5 18. dxe5 Bd7 19. Ba3 Rf7 20. Ng5 Raf8 21.
Nxf7 Rxf7 22. Bc5 Qc7 23. Bd4 a6 24. Qd2 Bb5 25. Rc1 Bc6 26. h5 Nf8 27. Nb4 Nd7
28. Qe3 Nb8 29. Kg2 Rf8 30. Bd3 Qf7 31. g5 Qf4 32. Qxf4 Rxf4 33. Nxc6 Nxc6 34.
Be3 Rg4+ 35. Kh3 Ra4 36. Ra1 Rxa1 37. Rxa1 Nxe5 38. Be2 Nc6 39. Rb1 d4 40. Bd2
b5 41. Rc1 Ne5 42. Rc8+ Kf7 43. Bb4 Nd7 44. Rd8 1-0

[Event "44th Chess Olympiad Open 2022"]
[Site "Chennai"]
[Date "2022.07.30"]
[Round "2.73"]
[White "Fancy, Stuart"]
[Black "Aziz, Husain"]
[Result "0-1"]
[WhiteElo "1984"]
[BlackElo "2380"]
[Annotator "TA"]
[PlyCount "58"]
[EventDate "2022.07.29"]
[EventType "team-tourn"]
[EventCountry "IND"]
[SourceTitle "playchess.com"]
[Source "ChessBase"]
[SourceQuality "1"]
[WhiteTeam "Papua New Guinea"]
[BlackTeam "Qatar"]
[WhiteTeamCountry "PNG"]
[BlackTeamCountry "QAT"]

1. Nc3 d5 2. d4 Nf6 3. Bg5 c5 4. e3 Nc6 5. dxc5 e6 6. Nf3 Bxc5 7. Bd3 h6 8. Bh4
Be7 9. O-O O-O 10. Re1 a6 11. a4 Bd7 12. Bg3 Bb4 13. Re2 Rc8 14. Na2 Be7 15. c3
Nh5 16. Bc2 Nxg3 17. hxg3 Qc7 18. Nc1 Rfd8 19. Nd3 e5 20. Nde1 Bg4 21. Rd2 e4
22. Rxd5 exf3 23. Qd3 g6 24. gxf3 Be6 25. Rxd8+ Rxd8 26. Qf1 Rd2 27. Rd1 Qd7
28. Rxd2 Qxd2 29. Kg2 Ne5 0-1

[Event "44th Chess Olympiad Open 2022"]
[Site "Chennai"]
[Date "2022.07.30"]
[Round "2.76"]
[White "Ortega Amarelle, Mariano"]
[Black "Jaiswal Prashant S"]
[Result "1-0"]
[WhiteElo "2463"]
[BlackElo "1683"]
[Annotator "TA"]
[PlyCount "54"]
[EventDate "2022.07.29"]
[EventType "team-tourn"]
[EventCountry "IND"]
[SourceTitle "playchess.com"]
[Source "ChessBase"]
[SourceQuality "1"]
[WhiteTeam "CPV"]
[BlackTeam "India"]
[BlackTeamCountry "IND"]

1. c4 Nf6 2. Nc3 c5 3. Nf3 Nc6 4. e3 e6 5. d4 cxd4 6. exd4 d5 7. cxd5 exd5 8.
Bd3 Bd6 9. O-O O-O 10. h3 h6 11. Re1 Re8 12. Rxe8+ Qxe8 13. a3 a6 14. Na4 Be6
15. Be3 b5 16. Nc5 Nd7 17. Rc1 Nd8 18. Qd2 Nb6 19. b3 Bd7 20. Bf4 Be7 21. Bxh6
g6 22. Qf4 Ne6 23. Nxe6 Bxe6 24. Qe5 Bf8 25. Bxf8 Nd7 26. Bg7 Nb6 27. Bf8 Qxf8
1-0

[Event "44th Chess Olympiad Open 2022"]
[Site "Chennai"]
[Date "2022.07.30"]
[Round "2.84"]
[White "Escalante Ramirez, Brian Sebasti"]
[Black "Alharthi, Ahmed Mohammed A"]
[Result "0-1"]
[WhiteElo "2496"]
[BlackElo "1935"]
[Annotator "TA"]
[PlyCount "148"]
[EventDate "2022.07.29"]
[EventType "team-tourn"]
[EventCountry "IND"]
[SourceTitle "playchess.com"]
[Source "ChessBase"]
[SourceQuality "1"]
[WhiteTeam "Peru"]
[BlackTeam "KSA"]
[WhiteTeamCountry "PER"]

1. c4 Nf6 2. Nc3 g6 3. g3 Bg7 4. Bg2 O-O 5. e3 d6 6. Nge2 Nc6 7. O-O e5 8. b3
Nh5 9. Bb2 f5 10. Nd5 Be6 11. d4 Qd7 12. Rc1 e4 13. Nef4 Nxf4 14. Nxf4 Bf7 15.
Qd2 a5 16. a3 h6 17. f3 g5 18. Nd5 exf3 19. Bxf3 Ne7 20. Nxe7+ Qxe7 21. Qd3 c6
22. Rce1 Bg6 23. Re2 Rae8 24. Rfe1 Qf6 25. d5 f4 26. Bxf6 Bxd3 27. Bxg7 Bxe2
28. Bxf8 Bxf3 29. Bxh6 fxg3 30. hxg3 cxd5 31. cxd5 Re5 32. Kf2 Bxd5 33. e4 Bxb3
34. Kf3 Kh7 35. Bf8 Re6 36. Kg4 Kg8 37. Rf1 Rxe4+ 38. Kxg5 Re5+ 39. Kh4 Re6 40.
g4 Bc4 41. Rf4 b5 42. g5 d5 43. Bc5 Re2 44. Rf8+ Kg7 45. Ra8 Re4+ 46. Kg3 d4
47. Rxa5 d3 48. Ra7+ Kg6 49. Rd7 Kxg5 50. Bb4 Kf5 51. Kf3 Re2 52. Rd8 Re6 53.
Rd4 Re5 54. Rd8 Bd5+ 55. Kf2 Re2+ 56. Kf1 Bc4 57. Kg1 Ke4 58. Rd7 Bd5 59. Re7+
Kf3 60. Rd7 d2 61. Rxd5 Re1+ 62. Kh2 d1=Q 63. Rxd1 Rxd1 64. Be7 Rf1 65. Bc5 Ke4
66. Kg2 Rf7 67. Bd6 Kd4 68. Bb4 Kc4 69. Bd6 Kb3 70. Bc5 Rc7 71. Bd6 Ra7 72. Kf2
Rxa3 73. Bxa3 Kxa3 74. Ke2 Ka2 0-1

[Event "44th Chess Olympiad Open 2022"]
[Site "Chennai"]
[Date "2022.07.31"]
[Round "3.1"]
[White "Harikrishna, Pentala"]
[Black "Mastrovasilis, Dimitrios"]
[Result "1-0"]
[WhiteElo "2720"]
[BlackElo "2599"]
[Annotator "TA"]
[PlyCount "59"]
[EventDate "2022.07.29"]
[EventType "team-tourn"]
[EventCountry "IND"]
[SourceTitle "playchess.com"]
[Source "ChessBase"]
[SourceQuality "1"]
[WhiteTeam "India"]
[BlackTeam "Greece"]
[WhiteTeamCountry "IND"]
[BlackTeamCountry "GRE"]

1. c4 e6 2. Nf3 d5 3. g3 Nf6 4. Bg2 Be7 5. O-O O-O 6. d4 c6 7. Nc3 Nbd7 8. Qd3
b6 9. b3 a5 10. e4 Ba6 11. e5 Ne8 12. a4 Nc7 13. Rd1 h6 14. h4 Rb8 15. Bf4 b5
16. cxb5 cxb5 17. Qc2 Rc8 18. Rdc1 Bb4 19. Qd1 Nb6 20. Nh2 bxa4 21. Nxa4 Nxa4
22. bxa4 Qe7 23. Ng4 Na8 24. Bxh6 gxh6 25. Nf6+ Kg7 26. Qg4+ Kh8 27. Qf4 Kg7
28. Bxd5 Bd3 29. Nh5+ Kh7 30. Be4+ 1-0

[Event "44th Chess Olympiad Open 2022"]
[Site "Chennai"]
[Date "2022.07.31"]
[Round "3.1"]
[White "Erigaisi Arjun"]
[Black "Mastrovasilis, Athanasios"]
[Result "1-0"]
[WhiteElo "2689"]
[BlackElo "2527"]
[Annotator "TA"]
[PlyCount "101"]
[EventDate "2022.07.29"]
[EventType "team-tourn"]
[EventCountry "IND"]
[SourceTitle "playchess.com"]
[Source "ChessBase"]
[SourceQuality "1"]
[WhiteTeam "India"]
[BlackTeam "Greece"]
[WhiteTeamCountry "IND"]
[BlackTeamCountry "GRE"]

1. d4 d5 2. c4 e6 3. Nc3 Nf6 4. cxd5 exd5 5. Bg5 c6 6. e3 h6 7. Bh4 Be7 8. Bd3
Nbd7 9. f3 O-O 10. Nge2 Re8 11. O-O b5 12. Bf2 a6 13. Rc1 Bb7 14. Bf5 c5 15.
dxc5 Bxc5 16. Nd4 Bb6 17. Qd2 Ne5 18. b3 g6 19. Bb1 Rc8 20. Nce2 Qe7 21. Nf4
Qa3 22. Rcd1 Ba5 23. Qe2 Bc3 24. Be1 Qe7 25. Kh1 Bxe1 26. Qxe1 Qf8 27. h4 h5
28. Qg3 Qg7 29. Nfe6 fxe6 30. Qxe5 Nd7 31. Qg5 Nf8 32. f4 e5 33. fxe5 Rxe5 34.
Qg3 Rce8 35. Rfe1 Bc8 36. Rc1 Bg4 37. b4 g5 38. hxg5 Qxg5 39. Rc3 R5e7 40. Nf5
Re5 41. Rf1 Qf6 42. Rcc1 Kh8 43. Nh4 Rxe3 44. Rxf6 Rxg3 45. Rc7 Be6 46. Ng6+
Nxg6 47. Bxg6 Rc8 48. Rh7+ Kg8 49. Ra7 Bg4 50. Bf7+ Kh8 51. Bxd5 1-0

[Event "44th Chess Olympiad Open 2022"]
[Site "Chennai"]
[Date "2022.07.31"]
[Round "3.1"]
[White "Theodorou, Nikolas"]
[Black "Vidit, Santosh Gujrathi"]
[Result "1/2-1/2"]
[WhiteElo "2575"]
[BlackElo "2714"]
[Annotator "TA"]
[PlyCount "60"]
[EventDate "2022.07.29"]
[EventType "team-tourn"]
[EventCountry "IND"]
[SourceTitle "playchess.com"]
[Source "ChessBase"]
[SourceQuality "1"]
[WhiteTeam "Greece"]
[BlackTeam "India"]
[WhiteTeamCountry "GRE"]
[BlackTeamCountry "IND"]

1. d4 Nf6 2. c4 e6 3. Nf3 d5 4. g3 Be7 5. Bg2 O-O 6. O-O dxc4 7. Qc2 a6 8. a4
Bd7 9. Qxc4 Bc6 10. Bg5 Bd5 11. Qc2 Be4 12. Qc1 Nc6 13. Bxf6 Bxf6 14. e3 e5 15.
dxe5 Bxf3 16. Bxf3 Nxe5 17. Bg2 c6 18. Rd1 Qb6 19. Qc2 Rad8 20. Nd2 Qb4 21. Ne4
Be7 22. b3 f5 23. Nc3 g6 24. Ne2 Rxd1+ 25. Rxd1 Rd8 26. Nd4 Kf7 27. h3 Rd6 28.
Nf3 Nxf3+ 29. Bxf3 Rxd1+ 30. Qxd1 Qd6 1/2-1/2

[Event "44th Chess Olympiad Open 2022"]
[Site "Chennai"]
[Date "2022.07.31"]
[Round "3.2"]
[White "Aronian, Levon"]
[Black "Mchedlishvili, Mikheil"]
[Result "1-0"]
[WhiteElo "2775"]
[BlackElo "2593"]
[Annotator "TA"]
[PlyCount "119"]
[EventDate "2022.07.29"]
[EventType "team-tourn"]
[EventCountry "IND"]
[SourceTitle "playchess.com"]
[Source "ChessBase"]
[SourceQuality "1"]
[WhiteTeam "United States"]
[BlackTeam "Georgia"]
[WhiteTeamCountry "USA"]
[BlackTeamCountry "GEO"]

1. c4 c6 2. Nf3 d5 3. g3 Nf6 4. Bg2 dxc4 5. O-O Nbd7 6. Qc2 Nb6 7. Na3 Be6 8.
Ne5 h5 9. Naxc4 Nxc4 10. Nxc4 h4 11. Ne5 hxg3 12. hxg3 Qd4 13. Qc3 Rd8 14. Qxd4
Rxd4 15. d3 a6 16. Bd2 Bh3 17. Rfc1 Bxg2 18. Kxg2 g6 19. Rc4 Rd5 20. Bc3 Rh5
21. f4 Nd7 22. Nf3 e6 23. g4 Rh7 24. g5 Bd6 25. a4 Kd8 26. b3 e5 27. fxe5 Nxe5
28. Bxe5 Bxe5 29. d4 Bc7 30. e4 Rd7 31. b4 Rh8 32. Rac1 Re8 33. e5 Bb6 34. Rh1
Rd5 35. Kg3 Ke7 36. Kf4 Rdd8 37. Ke4 Rh8 38. Rcc1 Rxh1 39. Rxh1 Rd5 40. Rh8 Rd8
41. Rh7 Ke6 42. a5 Ba7 43. Rh1 Ke7 44. Kd3 Ke6 45. Rh4 Ke7 46. Nd2 c5 47. bxc5
Bxc5 48. Kc3 Ba7 49. Nc4 Bb8 50. Kd3 Rd5 51. Ke4 Rb5 52. Rh8 Bc7 53. Ne3 Bxa5
54. Nd5+ Kd7 55. Rf8 Bd8 56. Nf6+ Kc8 57. Rxf7 a5 58. e6 a4 59. e7 Bxe7 60.
Rxe7 1-0

[Event "44th Chess Olympiad Open 2022"]
[Site "Chennai"]
[Date "2022.07.31"]
[Round "3.2"]
[White "Shankland, Sam"]
[Black "Gelashvili, Tamaz"]
[Result "1-0"]
[WhiteElo "2720"]
[BlackElo "2549"]
[Annotator "TA"]
[PlyCount "143"]
[EventDate "2022.07.29"]
[EventType "team-tourn"]
[EventCountry "IND"]
[SourceTitle "playchess.com"]
[Source "ChessBase"]
[SourceQuality "1"]
[WhiteTeam "United States"]
[BlackTeam "Georgia"]
[WhiteTeamCountry "USA"]
[BlackTeamCountry "GEO"]

1. e4 c5 2. Nf3 d6 3. d4 cxd4 4. Nxd4 Nf6 5. Nc3 Nc6 6. Bg5 Bd7 7. Nxc6 bxc6 8.
Bc4 e6 9. Qe2 Be7 10. e5 Nd5 11. Bxe7 Qxe7 12. exd6 Qxd6 13. Ne4 Qe7 14. O-O
O-O 15. Rad1 a5 16. c3 a4 17. a3 Rab8 18. Qc2 c5 19. Be2 f5 20. Nd2 Nf4 21.
Rfe1 Bc6 22. Bf3 Qb7 23. Re3 Rfd8 24. h4 Bxf3 25. Nxf3 Rxd1+ 26. Qxd1 Qc6 27.
c4 h6 28. g3 Ng6 29. Qe2 Nf8 30. Ne5 Qd6 31. h5 Rb6 32. Rd3 Qc7 33. f4 Qb8 34.
Rd2 Rb3 35. Kh2 Qe8 36. Qd1 Rb8 37. Kh3 Nh7 38. Nd7 Rc8 39. Kg2 Kh8 40. Rd6 Rd8
41. Ne5 Rxd6 42. Qxd6 Kg8 43. Qd7 Qa8+ 44. Kg1 Nf8 45. Qf7+ Kh8 46. Kf2 Qb8 47.
Ke1 Qa8 48. Kd2 Kh7 49. Nd3 Qd8 50. Kc2 Qd6 51. Ne5 Qb8 52. Kc1 Qa8 53. Nd3 Qd8
54. Nxc5 Qd6 55. Nxa4 Nd7 56. Qg6+ Kh8 57. Qe8+ Kh7 58. Qd8 Qd3 59. Nc3 Qf1+
60. Kc2 Qf2+ 61. Kb3 Nc5+ 62. Ka2 Qxg3 63. Qd4 Nd3 64. a4 Nxf4 65. a5 Nd3 66.
Ka3 Ne5 67. a6 Nc6 68. Qc5 Qc7 69. b4 f4 70. b5 Qa5+ 71. Kb3 Nd8 72. Qa3 1-0

[Event "44th Chess Olympiad Open 2022"]
[Site "Chennai"]
[Date "2022.07.31"]
[Round "3.2"]
[White "Jobava, Baadur"]
[Black "Caruana, Fabiano"]
[Result "1/2-1/2"]
[WhiteElo "2585"]
[BlackElo "2783"]
[Annotator "TA"]
[PlyCount "72"]
[EventDate "2022.07.29"]
[EventType "team-tourn"]
[EventCountry "IND"]
[SourceTitle "playchess.com"]
[Source "ChessBase"]
[SourceQuality "1"]
[WhiteTeam "Georgia"]
[BlackTeam "United States"]
[WhiteTeamCountry "GEO"]
[BlackTeamCountry "USA"]

1. Nf3 Nf6 2. g3 c5 3. Bg2 Nc6 4. O-O e5 5. c3 d5 6. d4 e4 7. Ne1 h5 8. h4 Be7
9. Nc2 Be6 10. Nba3 a6 11. dxc5 Bxc5 12. Bg5 O-O 13. Qd2 Qc7 14. Nd4 Nxd4 15.
cxd4 Be7 16. Rfc1 Qb6 17. Nb1 Rfc8 18. Nc3 Qd8 19. e3 Ng4 20. Bxe7 Qxe7 21. Ne2
g5 22. hxg5 Qxg5 23. Rxc8+ Rxc8 24. Rc1 Rxc1+ 25. Qxc1 h4 26. Qc7 Qf6 27. Qf4
Qxf4 28. gxf4 Kg7 29. Nc3 Nf6 30. b4 Kf8 31. Bf1 Ke7 32. a4 Kd6 33. a5 Bd7 34.
Kg2 Ng4 35. Kg1 Nf6 36. Kg2 Ng4 1/2-1/2

[Event "44th Chess Olympiad Open 2022"]
[Site "Chennai"]
[Date "2022.07.31"]
[Round "3.2"]
[White "Pantsulaia, Levan"]
[Black "Dominguez Perez, Leinier"]
[Result "1/2-1/2"]
[WhiteElo "2581"]
[BlackElo "2754"]
[Annotator "TA"]
[PlyCount "40"]
[EventDate "2022.07.29"]
[EventType "team-tourn"]
[EventCountry "IND"]
[SourceTitle "playchess.com"]
[Source "ChessBase"]
[SourceQuality "1"]
[WhiteTeam "Georgia"]
[BlackTeam "United States"]
[WhiteTeamCountry "GEO"]
[BlackTeamCountry "USA"]

1. Nf3 c5 2. c4 Nf6 3. g3 Nc6 4. Bg2 d5 5. cxd5 Nxd5 6. Nc3 Nc7 7. O-O e5 8. b3
Be7 9. Bb2 O-O 10. Rc1 f6 11. Ne1 Qd7 12. Nd3 b6 13. b4 Nxb4 14. Nxb4 cxb4 15.
Nb5 Qxb5 16. Rxc7 Bd6 17. Rc6 Be7 18. Rc7 Bd6 19. Rc6 Be7 20. Rc7 Bd6 1/2-1/2

[Event "44th Chess Olympiad Open 2022"]
[Site "Chennai"]
[Date "2022.07.31"]
[Round "3.3"]
[White "Tari, Aryan"]
[Black "Moroni, Luca Jr"]
[Result "1/2-1/2"]
[WhiteElo "2672"]
[BlackElo "2584"]
[Annotator "TA"]
[PlyCount "80"]
[EventDate "2022.07.29"]
[EventType "team-tourn"]
[EventCountry "IND"]
[SourceTitle "playchess.com"]
[Source "ChessBase"]
[SourceQuality "1"]
[WhiteTeam "Norway"]
[BlackTeam "Italy"]
[WhiteTeamCountry "NOR"]
[BlackTeamCountry "ITA"]

1. d4 d5 2. Nf3 e6 3. c4 a6 4. Bg5 Be7 5. Bxe7 Qxe7 6. Nbd2 Nf6 7. g3 O-O 8.
Bg2 b6 9. O-O Nbd7 10. Rc1 c5 11. cxd5 exd5 12. Re1 Bb7 13. dxc5 bxc5 14. Qb3
Rfb8 15. Qa3 a5 16. b3 h6 17. e3 Qe6 18. Qb2 a4 19. Qc2 axb3 20. axb3 Qb6 21.
Ra1 Rxa1 22. Rxa1 Ra8 23. Rxa8+ Bxa8 24. h4 Bb7 25. Qc3 Ne4 26. Nxe4 dxe4 27.
Nd2 Nf6 28. Bf1 Qb4 29. Qc2 Bd5 30. Bc4 Bxc4 31. Nxc4 Qb7 32. Qd1 h5 33. Kg2
Kh7 34. Qd6 Qxb3 35. Qxc5 g6 36. Qd4 Qa2 37. Qxf6 Qxc4 38. Qe5 f5 39. Qf6 Qc7
40. Qf8 Qd7 1/2-1/2

[Event "44th Chess Olympiad Open 2022"]
[Site "Chennai"]
[Date "2022.07.31"]
[Round "3.3"]
[White "Vocaturo, Daniele"]
[Black "Carlsen, Magnus"]
[Result "1/2-1/2"]
[WhiteElo "2616"]
[BlackElo "2864"]
[Annotator "TA"]
[PlyCount "111"]
[EventDate "2022.07.29"]
[EventType "team-tourn"]
[EventCountry "IND"]
[SourceTitle "playchess.com"]
[Source "ChessBase"]
[SourceQuality "1"]
[WhiteTeam "Italy"]
[BlackTeam "Norway"]
[WhiteTeamCountry "ITA"]
[BlackTeamCountry "NOR"]

1. e4 c6 2. d4 d5 3. exd5 cxd5 4. Bd3 Nc6 5. c3 e6 6. Bf4 Bd6 7. Bxd6 Qxd6 8.
Nf3 Nge7 9. O-O Bd7 10. Re1 O-O 11. Ne5 Nxe5 12. dxe5 Qb6 13. Qb3 Qxb3 14. axb3
Rfd8 15. Na3 f6 16. Nc2 Nc6 17. exf6 gxf6 18. Bb5 Kf7 19. Bxc6 Bxc6 20. f4 a5
21. Re3 h5 22. Rae1 Bd7 23. Nd4 Ra6 24. Kf2 b5 25. g3 Re8 26. h3 Rh8 27. Kg2 b4
28. Ra1 Re8 29. Rae1 a4 30. bxa4 Rxa4 31. R1e2 Ra2 32. cxb4 Ra4 33. Nc2 Raa8
34. Kf2 Reb8 35. Ra3 Ke7 36. Rd2 Kd6 37. Ne3 Bc6 38. Nc4+ Ke7 39. Na5 Bd7 40.
Nb3 Kd6 41. Nc5 Bc6 42. Re3 e5 43. Ne4+ Ke7 44. Nc5 e4 45. Rd4 f5 46. Ra3 Rg8
47. Rxa8 Bxa8 48. Na4 Kd6 49. Nc3 Bc6 50. Nd1 Bd7 51. Ne3 Be6 52. Rd2 Rb8 53.
Nc2 Bd7 54. Ne3 Be6 55. Nc2 Bd7 56. Ne3 1/2-1/2

[Event "44th Chess Olympiad Open 2022"]
[Site "Chennai"]
[Date "2022.07.31"]
[Round "3.4"]
[White "Shirov, Alexei"]
[Black "Supi, Luis Paulo"]
[Result "1/2-1/2"]
[WhiteElo "2704"]
[BlackElo "2603"]
[Annotator "TA"]
[PlyCount "82"]
[EventDate "2022.07.29"]
[EventType "team-tourn"]
[EventCountry "IND"]
[SourceTitle "playchess.com"]
[Source "ChessBase"]
[SourceQuality "1"]
[WhiteTeam "Spain"]
[BlackTeam "Brazil"]
[WhiteTeamCountry "ESP"]
[BlackTeamCountry "BRA"]

1. e4 c5 2. Nc3 d6 3. Bb5+ Nd7 4. d4 cxd4 5. Qxd4 a6 6. Bxd7+ Bxd7 7. f4 Bc6 8.
Bd2 Nf6 9. O-O-O g6 10. Nf3 Bg7 11. Rhe1 O-O 12. Qf2 Qa5 13. Kb1 Rfe8 14. h3
Rac8 15. g4 Qc7 16. Bc1 b5 17. e5 Bxf3 18. Qxf3 dxe5 19. fxe5 Nd7 20. e6 fxe6
21. Rxe6 Nf8 22. Bf4 Qc4 23. Re4 Qc6 24. Re3 Qxf3 25. Rxf3 Ne6 26. Bc1 Nd4 27.
Rf2 Rf8 28. Rfd2 Nf3 29. Rd7 Bxc3 30. bxc3 Rfe8 31. Ba3 Ne5 32. Rxe7 Rxe7 33.
Bxe7 Rxc3 34. Bf6 Re3 35. Rd8+ Kf7 36. Bxe5 Rxe5 37. Rd7+ Re7 38. Rd6 Re6 39.
Rd7+ Re7 40. Rd6 Re6 41. Rd7+ Re7 1/2-1/2

[Event "44th Chess Olympiad Open 2022"]
[Site "Chennai"]
[Date "2022.07.31"]
[Round "3.4"]
[White "Santos Latasa, Jaime"]
[Black "Mekhitarian, Krikor Sevag"]
[Result "1-0"]
[WhiteElo "2675"]
[BlackElo "2542"]
[Annotator "TA"]
[PlyCount "107"]
[EventDate "2022.07.29"]
[EventType "team-tourn"]
[EventCountry "IND"]
[SourceTitle "playchess.com"]
[Source "ChessBase"]
[SourceQuality "1"]
[WhiteTeam "Spain"]
[BlackTeam "Brazil"]
[WhiteTeamCountry "ESP"]
[BlackTeamCountry "BRA"]

1. d4 Nf6 2. c4 e6 3. g3 d5 4. Bg2 Be7 5. Nf3 O-O 6. O-O dxc4 7. Qc2 b5 8. a4
Bb7 9. axb5 a6 10. bxa6 Nxa6 11. Qxc4 Bd5 12. Qc3 c5 13. Be3 Ne4 14. Qc1 cxd4
15. Bxd4 Nb4 16. Rxa8 Qxa8 17. Nc3 Nxc3 18. bxc3 Nc6 19. Qe3 Nxd4 20. cxd4 Rd8
21. Qf4 Bf6 22. e3 Bxf3 23. Bxf3 Qb8 24. Qe4 Qc7 25. h4 g6 26. h5 Kg7 27. Kg2
Rb8 28. Rh1 Rb2 29. h6+ Kf8 30. Ra1 Rb8 31. Ra6 Rd8 32. Rc6 Qe7 33. Qf4 Bg5 34.
Qe5 Bf6 35. Qa5 Bg5 36. Rc7 Qf6 37. d5 Bxh6 38. dxe6 Qxe6 39. Rxf7+ Qxf7 40.
Qxd8+ Kg7 41. Bd5 Qf8 42. Qc7+ Kh8 43. Qe5+ Bg7 44. Qe6 Bf6 45. e4 Kg7 46. e5
Bd8 47. f4 Kh6 48. Qh3+ Kg7 49. Qd7+ Kh6 50. Be4 Bb6 51. Kh3 Qd8 52. Qf7 Qd1
53. Qf8+ Kh5 54. Bxg6+ 1-0

[Event "44th Chess Olympiad Open 2022"]
[Site "Chennai"]
[Date "2022.07.31"]
[Round "3.4"]
[White "Fier, Alexandr"]
[Black "Vallejo Pons, Francisco"]
[Result "1/2-1/2"]
[WhiteElo "2567"]
[BlackElo "2702"]
[Annotator "TA"]
[PlyCount "86"]
[EventDate "2022.07.29"]
[EventType "team-tourn"]
[EventCountry "IND"]
[SourceTitle "playchess.com"]
[Source "ChessBase"]
[SourceQuality "1"]
[WhiteTeam "Brazil"]
[BlackTeam "Spain"]
[WhiteTeamCountry "BRA"]
[BlackTeamCountry "ESP"]

1. e4 c6 2. d4 d5 3. e5 c5 4. Nf3 cxd4 5. Qxd4 Nc6 6. Qf4 e6 7. Nc3 Nb4 8. Bd3
Nxd3+ 9. cxd3 Ne7 10. h4 h6 11. h5 Bd7 12. Bd2 Rc8 13. O-O Nf5 14. a4 Be7 15.
Ne2 O-O 16. Bc3 Bc5 17. Ng3 Nxg3 18. Qxg3 b5 19. axb5 Bxb5 20. Nd4 Bxd4 21.
Bxd4 a6 22. f4 Qe7 23. Rac1 Rfe8 24. Kh2 Bd7 25. Qg4 Rxc1 26. Rxc1 Rc8 27. Rf1
Ba4 28. Bc3 Qd7 29. f5 exf5 30. Qxf5 Qxf5 31. Rxf5 Bd1 32. Kh3 Bc2 33. Rf3 Bd1
34. Rf5 d4 35. Bxd4 Rd8 36. Bc3 Rxd3+ 37. g3 Re3 38. Kh4 Re2 39. Kh3 Re3 40.
Kh4 Re2 41. Kh3 Bb3 42. Rf4 Kh7 43. g4 a5 1/2-1/2

[Event "44th Chess Olympiad Open 2022"]
[Site "Chennai"]
[Date "2022.07.31"]
[Round "3.5"]
[White "Wojtaszek, Radoslaw"]
[Black "Kuybokarov, Temur"]
[Result "0-1"]
[WhiteElo "2708"]
[BlackElo "2583"]
[Annotator "TA"]
[PlyCount "118"]
[EventDate "2022.07.29"]
[EventType "team-tourn"]
[EventCountry "IND"]
[SourceTitle "playchess.com"]
[Source "ChessBase"]
[SourceQuality "1"]
[WhiteTeam "Poland"]
[BlackTeam "Australia"]
[WhiteTeamCountry "POL"]
[BlackTeamCountry "AUS"]

1. d4 Nf6 2. c4 g6 3. Nf3 Bg7 4. g3 O-O 5. Bg2 Nc6 6. O-O d5 7. Na3 Be6 8. b3
Ne4 9. Bb2 a5 10. e3 a4 11. Nd2 f5 12. Qe2 Nb4 13. cxd5 Nxd2 14. Qxd2 Nxd5 15.
Rac1 axb3 16. axb3 c6 17. Nc4 Qc7 18. Ra1 Rfd8 19. Rfc1 Nf6 20. Qb4 Nd5 21. Qe1
Nb6 22. Ba3 Bf6 23. Nxb6 Qxb6 24. Bb4 Rxa1 25. Rxa1 Rb8 26. Ra3 Qd8 27. Qa1 h5
28. h4 Bd5 29. Bxd5+ Qxd5 30. Ra8 Rxa8 31. Qxa8+ Kf7 32. Qxb7 Qxb3 33. Qb6 Qb1+
34. Kg2 Qe4+ 35. Kf1 f4 36. exf4 Bxd4 37. Qa5 Qh1+ 38. Ke2 Qb1 39. Bd2 Qc2 40.
Qb4 c5 41. Qb7 Qc4+ 42. Ke1 Qd3 43. Qd5+ Kg7 44. Qe6 Bxf2+ 45. Kxf2 Qxd2+ 46.
Kf3 Qd6 47. Qc4 Kf6 48. Qc3+ Ke6 49. Qe1+ Kf7 50. Qe4 Qe6 51. Qd3 Qc6+ 52. Kf2
c4 53. Qc3 Qe4 54. Qd2 Ke6 55. Qd8 Qd3 56. Qc8+ Kf7 57. Qa6 Qd4+ 58. Kf3 Qd5+
59. Kf2 c3 0-1

[Event "44th Chess Olympiad Open 2022"]
[Site "Chennai"]
[Date "2022.07.31"]
[Round "3.5"]
[White "Smirnov, Anton"]
[Black "Duda, Jan-Krzysztof"]
[Result "0-1"]
[WhiteElo "2600"]
[BlackElo "2750"]
[Annotator "TA"]
[PlyCount "52"]
[EventDate "2022.07.29"]
[EventType "team-tourn"]
[EventCountry "IND"]
[SourceTitle "playchess.com"]
[Source "ChessBase"]
[SourceQuality "1"]
[WhiteTeam "Australia"]
[BlackTeam "Poland"]
[WhiteTeamCountry "AUS"]
[BlackTeamCountry "POL"]

1. d4 d5 2. c4 e6 3. Nc3 c6 4. Nf3 Nf6 5. e3 Nbd7 6. Qc2 Bd6 7. b3 O-O 8. Be2
b6 9. O-O Bb7 10. Bb2 Qe7 11. Rad1 Rad8 12. Rfe1 Rfe8 13. Bf1 e5 14. dxe5 Nxe5
15. Nd4 dxc4 16. Nf5 Qe6 17. Nxd6 Rxd6 18. Rxd6 Qxd6 19. Rd1 cxb3 20. axb3 Qe7
21. Ne4 Nd5 22. Ng3 Bc8 23. e4 Nf4 24. Qc3 Qg5 25. Bc1 h5 26. Ne2 Qxg2+ 0-1